000 00268nam a2200121Ia 4500
100 _a#N/A
650 _aELECTRONIC
942 _cBK
654 _acircuit files
245 _aCircuit files to Electronic Divices and Circuit Theory
260 _b#N/A
546 _aENGLISH
999 _c34557
_d34557